[Event "ONJK 2017 C"]
[Site "Borne, Netherlands"]
[Date "2017.08.08"]
[Round "2.7"]
[White "Muntean, Victor"]
[Black "Warnaar, Alisha"]
[Result "0-1"]
[WhiteElo "1784"]
[BlackElo "1560"]
[PlyCount "128"]
[EventDate "2017.08.??"]

1. e4 c5 2. c3 d5 3. exd5 Qxd5 4. d4 Nf6 5. Nf3 Bg4 6. Be2 e6 7. O-O Nc6 8. Be3
cxd4 9. cxd4 Be7 10. Nc3 Qd6 11. Qd2 O-O 12. Bf4 Qd7 13. Ne5 Nxe5 14. dxe5 Bxe2
15. exf6 Qxd2 16. Bxd2 Bxf1 17. fxe7 Rfe8 18. Kxf1 Rxe7 19. Ke2 Rd8 20. Be3
Red7 21. Ne4 a6 22. Nc5 Rc7 23. Kf3 Rdc8 24. b4 a5 25. bxa5 Rxc5 26. Bxc5 Rxc5
27. Rd1 g6 28. Rd8+ Kg7 29. Ra8 Rc3+ 30. Ke4 Kf6 31. a6 bxa6 32. Rxa6 Rc2 33.
Ke3 Ke5 34. Ra5+ Kd6 35. Ra8 f5 36. a4 Ra2 37. a5 e5 38. a6 Kc7 39. Kd3 Rxf2
40. Rh8 Kb6 41. a7 Kxa7 42. Rxh7+ Kb6 43. g3 Kc5 44. Ke3 Ra2 45. h4 Ra3+ 46.
Kf2 Kd4 47. Rh6 Ra2+ 48. Kg1 Ra6 49. h5 Ra1+ 50. Kf2 gxh5 51. Rxh5 Ra2+ 52. Kf1
Ra1+ 53. Kf2 Ra2+ 54. Kf1 Ke4 55. Rg5 f4 56. gxf4 exf4 57. Rb5 Kf3 58. Rb3+ Kg4
59. Rb8 Kg3 60. Rb7 Ra1+ 61. Ke2 f3+ 62. Ke3 Re1+ 63. Kd2 f2 64. Rg7+ Kh4 0-1

[Event "ONJK 2017 C"]
[Site "Borne, Netherlands"]
[Date "2017.08.08"]
[Round "2.8"]
[White "Adema, Marrit"]
[Black "Roothaan, Elmar"]
[Result "0-1"]
[WhiteElo "1541"]
[BlackElo "1775"]
[PlyCount "66"]
[EventDate "2017.08.??"]

1. d4 Nf6 2. c4 e6 3. Nc3 d5 4. cxd5 Nxd5 5. e4 Nxc3 6. bxc3 c5 7. d5 exd5 8.
exd5 Bd6 9. Bd3 O-O 10. Ne2 Qc7 11. Ng3 Re8+ 12. Be3 c4 13. Bc2 Be5 14. Qd2 Nd7
15. O-O Nf6 16. Bg5 Bxg3 17. hxg3 Ne4 18. Rfe1 Bf5 19. Qd4 Nxg3 20. d6 Qd7 21.
fxg3 Bxc2 22. Re7 Rxe7 23. dxe7 Qxd4+ 24. cxd4 f6 25. Re1 Kf7 26. Bc1 Ba4 27.
d5 Bd7 28. d6 b5 29. Bd2 Rc8 30. Kf2 Ke8 31. Rd1 c3 32. Bc1 b4 33. Ke2 Bg4+ 0-1

[Event "ONJK 2017 C"]
[Site "Borne, Netherlands"]
[Date "2017.08.08"]
[Round "2.9"]
[White "Skabs, Denis"]
[Black "Toval, David"]
[Result "1/2-1/2"]
[WhiteElo "1536"]
[BlackElo "1742"]
[PlyCount "34"]
[EventDate "2017.08.??"]

1. e4 c5 2. d4 cxd4 3. c3 dxc3 4. Nxc3 Nc6 5. Nf3 a6 6. Bc4 e6 7. O-O Nge7 8.
Bg5 f6 9. Be3 Ng6 10. Re1 b5 11. Bb3 Be7 {Diagram #} 12. Nd5 Rb8 (12... exd5
13. exd5 Nce5 14. d6 Bf8 15. Nxe5 Nxe5 16. Bc5 {1-0}) 13. Nxe7 Ngxe7 14. Qe2
Na5 15. Bc2 Nc4 16. Bd4 O-O 17. e5 f5 1/2-1/2

[Event "ONJK 2017 C"]
[Site "Borne, Netherlands"]
[Date "2017.08.08"]
[Round "2.10"]
[White "Maters, Arthur"]
[Black "Warnaar, Mark"]
[Result "1-0"]
[WhiteElo "1727"]
[BlackElo "1521"]
[PlyCount "39"]
[EventDate "2017.08.??"]

1. e4 c5 2. Nf3 d6 3. d4 cxd4 4. Nxd4 Nf6 5. Nc3 g6 6. f3 Bg7 7. Be3 O-O 8. Qd2
Nc6 9. O-O-O d5 10. Qe1 e5 11. exd5 Nxd4 12. Bxd4 exd4 13. Rxd4 a6 14. Bc4 Nh5
15. Rd1 Qc7 16. Bb3 Bxc3 17. bxc3 a5 18. d6 Qd7 19. Qe7 Re8 20. Bxf7+ 1-0

[Event "ONJK 2017 C"]
[Site "Borne, Netherlands"]
[Date "2017.08.08"]
[Round "2.11"]
[White "Kaersenhout, Diego"]
[Black "Mainka, Alwin"]
[Result "0-1"]
[WhiteElo "1535"]
[BlackElo "1723"]
[PlyCount "102"]
[EventDate "2017.08.??"]

1. e4 e5 2. Bc4 Nf6 3. d3 Nc6 4. Nc3 Bc5 5. Nf3 d6 6. Be3 Bb6 7. h3 Be6 8. Bb3
d5 9. exd5 Nxd5 10. Nxd5 Bxd5 11. Bxd5 Qxd5 12. Bxb6 axb6 13. a3 O-O 14. O-O
Rad8 15. Re1 Rfe8 16. Qe2 h6 17. Rad1 Qb5 18. c4 Qc5 19. b4 Qf8 20. Qb2 f6 21.
Qc2 Nd4 22. Nxd4 Rxd4 23. Re4 Red8 24. Qe2 Qd6 25. Re3 Rxc4 26. Qa2 Qd5 27.
Qxc4 Qxc4 28. dxc4 Rxd1+ 29. Kh2 Kf7 30. Rc3 g5 31. Kg3 f5 32. b5 Ke6 33. c5
bxc5 34. Rxc5 Rd3+ 35. Kh2 Kd6 36. b6 c6 37. Ra5 Rb3 38. Ra8 Rxb6 39. Rh8 e4
40. Rxh6+ Ke5 41. Rg6 Rb2 42. Kg3 f4+ 43. Kg4 Rxf2 44. Rxg5+ Kd4 45. h4 Rxg2+
46. Kxf4 Rxg5 47. hxg5 e3 48. Kf3 Kd3 49. g6 e2 50. g7 e1=Q 51. g8=Q Qf1+ 0-1

[Event "ONJK 2017 C"]
[Site "Borne, Netherlands"]
[Date "2017.08.08"]
[Round "2.12"]
[White "Wensing, Jonathan"]
[Black "Rogge, Parcival"]
[Result "0-1"]
[WhiteElo "1667"]
[BlackElo "1508"]
[PlyCount "60"]
[EventDate "2017.08.??"]

1. e4 c5 2. Nf3 d6 3. d4 cxd4 4. Nxd4 Nf6 5. Nc3 a6 6. Bg5 e6 7. f4 Be7 8. Qf3
Nbd7 9. g4 Nc5 10. O-O-O Qc7 11. Bd3 Rb8 12. Rhe1 b5 13. e5 Bb7 14. Qg3 b4 15.
exf6 gxf6 16. Ncb5 axb5 17. Nxb5 Qb6 18. Bh6 Ra8 19. Bc4 d5 20. f5 Kd7 21. Qe3
Kc8 22. Bf1 Rxa2 23. Qg3 Rd8 24. c4 Ra1+ 25. Kc2 b3+ 26. Kc3 Qa5+ 27. Kd4 dxc4+
28. Ke3 Raxd1 29. Rxd1 Rxd1 30. Be2 Qd2+ 0-1

[Event "ONJK 2017 C"]
[Site "Borne, Netherlands"]
[Date "2017.08.08"]
[Round "2.13"]
[White "De Zoeten, Cato"]
[Black "Klaren, Duncan"]
[Result "0-1"]
[WhiteElo "1511"]
[BlackElo "1661"]
[PlyCount "116"]
[EventDate "2017.08.??"]

1. e4 c5 2. Nf3 d6 3. d4 cxd4 4. Nxd4 Nf6 5. Nc3 a6 6. h3 b5 7. a3 Bb7 8. Qd3
Nbd7 9. Nb3 Rc8 10. Nd2 Qb6 11. g4 Ne5 12. Qe2 Qd4 13. Nb3 Qc4 14. Qd1 Qe6 15.
Nd4 Qd7 16. Bg2 Rxc3 17. bxc3 Nxe4 18. O-O Nxc3 19. Qd2 Bxg2 20. Kxg2 Qb7+ 21.
Kh2 Ne4 22. Qb4 h5 23. g5 Qd5 24. a4 Qxd4 25. Qxd4 Nf3+ 26. Kg2 Nxd4 27. axb5
axb5 28. f3 Nc5 29. c3 Ndb3 30. Ra8+ Kd7 31. Be3 g6 32. Rd1 Bg7 33. Ra7+ Ke6
34. Bxc5 dxc5 35. Ra6+ Ke5 36. Rb6 Ra8 37. Rxb5 Ra2+ 38. Kg3 Rb2 39. c4 Kf5 40.
Rd5+ Be5+ 41. f4 h4+ 42. Kf3 Nd2+ 43. Rxd2 Rxd2 44. fxe5 Rd3+ 45. Kg2 Rg3+ 46.
Kh2 Rxg5 47. Rxc5 Ke4 48. Rc8 Kxe5 49. Rd8 Ke6 50. Rh8 Rh5 51. Rxh5 gxh5 52.
Kg2 Kd6 53. Kf3 Kc5 54. Kf4 Kxc4 55. Kg5 e5 56. Kxh5 e4 57. Kxh4 e3 58. Kg3 Kd3
0-1

[Event "ONJK 2017 C"]
[Site "Borne, Netherlands"]
[Date "2017.08.08"]
[Round "2.14"]
[White "Baselmans, Daan"]
[Black "Martinez, Sara"]
[Result "1/2-1/2"]
[WhiteElo "1659"]
[BlackElo "1469"]
[PlyCount "76"]
[EventDate "2017.08.??"]

1. e4 e6 2. d4 d5 3. Nc3 Bb4 4. exd5 exd5 5. Nf3 Nf6 6. Bg5 Bf5 7. Bd3 Bxd3 8.
Qxd3 O-O 9. O-O c6 10. Ne2 Nbd7 11. Ng3 h6 12. Bxf6 Nxf6 13. c3 Bd6 14. Rae1
Qc7 15. Nf5 Ne4 16. Nxd6 Qxd6 17. Ne5 Rae8 18. f3 Nf6 19. Re3 Nd7 20. Rfe1 Nxe5
21. Rxe5 Rxe5 22. Rxe5 Qd7 23. Qe2 Rb8 24. g4 Kf8 25. Kf2 Re8 26. Rxe8+ Qxe8
27. Qxe8+ Kxe8 28. Ke2 Ke7 29. h4 g6 30. b3 b5 31. a4 a6 32. axb5 axb5 33. f4
f6 34. Kd3 Kd6 35. c4 b4 36. cxd5 cxd5 37. g5 hxg5 38. hxg5 f5 1/2-1/2

[Event "ONJK 2017 C"]
[Site "Borne, Netherlands"]
[Date "2017.08.08"]
[Round "2.16"]
[White "Bungarten, Jona"]
[Black "Maas, Tristan"]
[Result "1-0"]
[WhiteElo "1640"]
[BlackElo "1098"]
[PlyCount "39"]
[EventDate "2017.08.??"]

1. e4 e5 2. Nf3 Nc6 3. Bc4 Bc5 4. b4 Bxb4 5. c3 Bc5 6. d4 exd4 7. O-O Nf6 8.
cxd4 Be7 9. e5 Nh5 10. d5 Nb4 11. d6 cxd6 12. exd6 Bf6 13. Re1+ Kf8 14. Ne5 Qa5
15. Qxh5 g6 16. Nxg6+ hxg6 17. Qxa5 Nc2 18. Qd5 Rh7 19. Bh6+ Bg7 20. Qxf7# 1-0

[Event "ONJK 2017 C"]
[Site "Borne, Netherlands"]
[Date "2017.08.08"]
[Round "2.17"]
[White "Tiggelman, Laura"]
[Black "Salomons, Quinten"]
[Result "0-1"]
[WhiteElo "1468"]
[BlackElo "1633"]
[PlyCount "116"]
[EventDate "2017.08.??"]

1. e4 d6 2. d4 Nf6 3. Nc3 Nbd7 4. Nf3 e5 5. dxe5 dxe5 6. Bg5 Be7 7. Bc4 c6 8.
O-O Qc7 9. Bxf6 Nxf6 10. a3 Bg4 11. Qe2 O-O 12. h3 Bh5 13. Rad1 b5 14. Bb3 a5
15. Nb1 Rad8 16. Nbd2 Rd7 17. g4 Bg6 18. Nh4 Bxe4 19. Nxe4 Nxe4 20. Nf5 Rxd1
21. Rxd1 Nc5 22. Qe3 Nxb3 23. Qxb3 g6 24. Ne3 Bc5 25. Ng2 Rd8 26. Rxd8+ Qxd8
27. Qf3 Qd5 28. Qe2 Qd4 29. c3 Qd5 30. Kf1 b4 31. axb4 axb4 32. c4 Qd4 33. b3
Qc3 34. Qd1 Qxh3 35. Kg1 Bd4 36. g5 Qh5 37. Qd2 Qf3 38. Kf1 Qc3 39. Qd1 Qa1 40.
Qxa1 Bxa1 41. Ne3 Bd4 42. Ng4 Kg7 43. Nf6 h6 44. Ne8+ Kf8 45. Nf6 hxg5 46. Nh7+
Kg7 47. Nxg5 f6 48. Ne6+ Kg8 49. Nd8 c5 50. Nc6 f5 51. Kg2 Kf7 52. Nd8+ Kf6 53.
Nb7 Ke7 54. Kf3 Kd7 55. Kg3 Kc7 56. Na5 Kb6 57. Kh4 Kxa5 58. f3 Be3 0-1

[Event "ONJK 2017 C"]
[Site "Borne, Netherlands"]
[Date "2017.08.08"]
[Round "2.18"]
[White "Faybish, Benjamin"]
[Black "Lindenaar, Masha"]
[Result "1-0"]
[WhiteElo "1628"]
[BlackElo "843"]
[PlyCount "69"]
[EventDate "2017.08.??"]

1. b4 e5 2. Bb2 Nc6 3. b5 Nb4 4. c4 d5 5. a3 dxc4 6. axb4 Bxb4 7. Bxe5 f6 8.
Bb2 Be6 9. Nf3 Qd7 10. Qa4 Bc5 11. e3 Qf7 12. Be2 Ne7 13. Na3 a6 14. Bxc4 Bxc4
15. Qxc4 Qxc4 16. Nxc4 O-O 17. bxa6 bxa6 18. O-O f5 19. Nfe5 Rfd8 20. Ba3 Bxa3
21. Rxa3 Rf8 22. h3 h6 23. Rfa1 f4 24. Rxa6 Rad8 25. Ra7 Nd5 26. e4 Nf6 27. f3
Rc8 28. Rb1 Rfe8 29. Nc6 Nd7 30. Rbb7 Red8 31. Nxd8 Rxd8 32. Rxc7 Nf6 33. Rxg7+
Kh8 34. Ne5 Rg8 35. Ng6# 1-0

[Event "ONJK 2017 C"]
[Site "Borne, Netherlands"]
[Date "2017.08.08"]
[Round "2.19"]
[White "Kamp, Adrian"]
[Black "Molanus, Lennart"]
[Result "1-0"]
[WhiteElo "1773"]
[BlackElo "1627"]
[PlyCount "50"]
[EventDate "2017.08.??"]

1. e4 d5 2. exd5 Qxd5 3. Nc3 Qa5 4. d4 Bf5 5. Nf3 Nf6 6. Bf4 Nd5 7. Bd2 c6 8.
Nxd5 Qxd5 9. c4 Qd6 10. Bc3 Nd7 11. Be2 e6 12. O-O Be7 13. d5 cxd5 14. cxd5 e5
15. Bb5 f6 16. Qb3 a6 17. Bxd7+ Bxd7 18. Rfe1 O-O 19. a3 Rac8 20. Bb4 Qb6 21.
d6+ Rf7 22. dxe7 a5 23. Qd5 Bc6 24. Qxa5 Qxa5 25. e8=Q+ Bxe8 1-0

[Event "ONJK 2017 C"]
[Site "Borne, Netherlands"]
[Date "2017.08.08"]
[Round "2.20"]
[White "Rodrigues Pereira, Kuba"]
[Black "Mainka, Irmin"]
[Result "0-1"]
[WhiteElo "1600"]
[BlackElo "1320"]
[PlyCount "52"]
[EventDate "2017.08.??"]

1. d4 d5 2. c4 c6 3. Nc3 e6 4. Nf3 Bb4 5. e3 Nf6 6. cxd5 cxd5 7. Qa4+ Nc6 8.
Bb5 Bd7 9. Bxc6 Bxc3+ 10. bxc3 Bxc6 11. Qc2 O-O 12. h4 h6 13. Ne5 Nd7 14. Nxc6
bxc6 15. g4 f5 16. gxf5 exf5 17. c4 Nb6 18. cxd5 cxd5 19. f3 Rc8 20. Qg2 Qf6
21. Rb1 f4 22. Rg1 fxe3 23. Bxe3 Rfe8 24. Kd1 Rxe3 25. f4 Qxd4+ 26. Qd2 Rd3 0-1

[Event "ONJK 2017 C"]
[Site "Borne, Netherlands"]
[Date "2017.08.08"]
[Round "3"]
[White "Bleeker, Kasper"]
[Black "John, Niklas"]
[Result "1-0"]
[WhiteElo "1627"]
[BlackElo "1387"]
[PlyCount "55"]
[EventDate "2017.08.??"]

1. e4 e5 2. Nf3 Nc6 3. d4 exd4 4. c3 dxc3 5. Nxc3 Bc5 6. Bc4 d6 7. Ng5 Ne5 8.
Bb3 h6 9. f4 Qf6 10. Nd5 Qd8 11. fxe5 hxg5 12. Qf3 g4 13. Qf4 f6 14. Be3 dxe5
15. Qg3 Bxe3 16. Qxe3 c6 17. Nc3 Qd6 18. Rd1 Qc7 19. Qc5 b6 20. Qc4 g6 21. Nb5
Qh7 22. Qxc6+ Bd7 23. Qxa8+ Ke7 24. Qxa7 Ke8 25. Nd6+ Ke7 26. Nf5+ Ke8 27. Qb8+
Bc8 28. Qxc8# 1-0

[Event "ONJK 2017 C"]
[Site "Borne, Netherlands"]
[Date "2017.08.08"]
[Round "3"]
[White "Gevorkjan, Lewon"]
[Black "Schelleman, Martijn"]
[Result "1-0"]
[WhiteElo "1836"]
[BlackElo "1393"]
[PlyCount "55"]
[EventDate "2017.08.??"]

1. e4 e5 2. Nf3 Nc6 3. Nc3 Bc5 4. Nxe5 Bxf2+ 5. Kxf2 Nxe5 6. d4 Nc6 7. Be3 d6
8. Bc4 Nf6 9. h3 h6 10. Rf1 O-O 11. Kg1 Na5 12. Bd3 c6 13. Qf3 b5 14. Bxh6 gxh6
15. Qxf6 Qxf6 16. Rxf6 Be6 17. Rxh6 Kg7 18. Rh5 Rg8 19. d5 Bd7 20. Rf1 Kf8 21.
dxc6 Bxc6 22. Bxb5 Rb8 23. Bd3 Nb7 24. Bc4 Nd8 25. b3 Ne6 26. Bxe6 Rg7 27. Rh8+
Rg8 28. Rxf7+ 1-0

[Event "ONJK 2017 C"]
[Site "Borne, Netherlands"]
[Date "2017.08.08"]
[Round "3"]
[White "Heskes, Johan"]
[Black "Van Goethem, Simone"]
[Result "1-0"]
[WhiteElo "1600"]
[BlackElo "1183"]
[PlyCount "49"]
[EventDate "2017.08.??"]

1. d4 d5 2. c4 c6 3. Nc3 e6 4. Nf3 Nf6 5. Bf4 Qb6 6. Rb1 Nbd7 7. c5 Qd8 8. e3
b6 9. b4 b5 10. Bd3 a5 11. a3 axb4 12. axb4 Ra3 13. Qc2 Be7 14. O-O O-O 15. Ra1
Ra8 16. Rxa8 Nh5 17. Be5 f6 18. Bg3 Nxg3 19. fxg3 g6 20. Ne2 e5 21. Bxg6 hxg6
22. Qxg6+ Kh8 23. Nh4 Qe8 24. Rf5 Qf7 25. Rh5+ 1-0

[Event "ONJK 2017 C"]
[Site "Borne, Netherlands"]
[Date "2017.08.08"]
[Round "3"]
[White "Hubers, Daan"]
[Black "Wensing, Jonathan"]
[Result "0-1"]
[WhiteElo "1387"]
[BlackElo "1667"]
[PlyCount "69"]
[EventDate "2017.08.??"]

1. b4 d5 2. Bb2 a5 3. b5 Nd7 4. a4 e5 5. e3 b6 6. c4 Bb7 7. cxd5 Bxd5 8. Nc3
Bb7 9. d4 Bd6 10. Qg4 Qf6 11. d5 Nh6 12. Qc4 Nc5 13. Ba3 O-O 14. Bxc5 Bxc5 15.
Ne4 Bb4+ 16. Qxb4 axb4 17. Nxf6+ gxf6 18. e4 f5 19. f3 fxe4 20. fxe4 f5 21.
exf5 Bxd5 22. Rd1 Bb3 23. Rd7 Nxf5 24. Bd3 Rxa4 25. h4 Ra1+ 26. Kf2 Nd4+ 27.
Ke3 Re1+ 28. Kd2 Rd1+ 29. Ke3 Bc2 30. Bc4+ Kh8 31. Rxc7 b3 32. Bxb3 Bxb3 33. g4
Rff1 34. h5 Rxg1 35. h6 0-1

[Event "ONJK 2017 C"]
[Site "Borne, Netherlands"]
[Date "2017.08.08"]
[Round "3"]
[White "Maes, Djad"]
[Black "Kaersenhout, Diego"]
[Result "1/2-1/2"]
[WhiteElo "1258"]
[BlackElo "1535"]
[PlyCount "80"]
[EventDate "2017.08.??"]

1. b4 e6 2. Bb2 Nf6 3. a3 c5 4. c3 Qb6 5. e3 d5 6. Nf3 Bd7 7. d4 Nc6 8. Qc2 c4
9. a4 a6 10. a5 Qc7 11. Be2 Be7 12. Na3 O-O 13. O-O Rfe8 14. h3 h6 15. Nd2 Nh7
16. Bf3 f5 17. g3 Nf6 18. Bg2 Kh8 19. Rfe1 Rg8 20. Nf1 b5 21. f3 g6 22. e4 Rae8
23. Qd2 Bf8 24. Re2 Rc8 25. e5 Ne8 26. Nc2 Ne7 27. Ne1 Bg7 28. f4 h5 29. Nf3
Bh6 30. N1h2 Ng7 31. g4 Ne8 32. g5 Bf8 33. Nh4 Kh7 34. Bf3 Ng7 35. Nf1 Be8 36.
Ng3 Bf7 37. Rh2 Qd7 38. Qe2 Qe8 39. Qf1 Rh8 40. Be2 Kg8 {Diagram #} 1/2-1/2

[Event "ONJK 2017 C"]
[Site "Borne, Netherlands"]
[Date "2017.08.08"]
[Round "3"]
[White "Mainka, Irmin"]
[Black "Baselmans, Daan"]
[Result "0-1"]
[WhiteElo "1320"]
[BlackElo "1659"]
[PlyCount "96"]
[EventDate "2017.08.??"]

1. e4 e6 2. d4 d5 3. exd5 exd5 4. Nf3 Nf6 5. Nc3 Bd6 6. Bd3 O-O 7. O-O Bg4 8.
Bg5 c6 9. Re1 Nbd7 10. h3 Bxf3 11. Qxf3 Qb6 12. Rab1 Qxd4 13. Rbd1 Qb6 14. b3
Ne5 15. Qf5 Nxd3 16. Qxd3 Nd7 17. Qf5 Qc7 18. Qg4 Ne5 19. Qf5 Rfe8 20. Na4 Re6
21. Bf4 Rf6 22. Qg5 Nf3+ 23. gxf3 Bxf4 24. Qh4 Rh6 25. Qe7 Qxe7 26. Rxe7 b5 27.
Nb2 Kf8 28. Rde1 Rxh3 29. Nd3 Bd6 30. Rd7 Rh6 31. f4 a6 32. Kg2 c5 33. Ne5 Ke8
34. Rb7 Re6 35. Rh1 Bxe5 36. fxe5 h6 37. f4 Rd8 38. Kf3 Rd7 39. Rb8+ Ke7 40.
Rg1 g6 41. Rd1 c4 42. b4 g5 43. fxg5 hxg5 44. Rg8 Rxe5 45. Kg4 f6 46. Ra8 Re4+
47. Kf5 Kf7 48. Rxa6 Rf4# 0-1

[Event "ONJK 2017 C"]
[Site "Borne, Netherlands"]
[Date "2017.08.08"]
[Round "3"]
[White "Martinez, Sara"]
[Black "Muntean, Victor"]
[Result "0-1"]
[WhiteElo "1469"]
[BlackElo "1784"]
[PlyCount "112"]
[EventDate "2017.08.??"]

1. e4 e5 2. Nf3 Nc6 3. d4 exd4 4. Nxd4 Bc5 5. Be3 Qf6 6. c3 Nge7 7. Be2 d5 8.
exd5 Nxd5 9. O-O Nxe3 10. fxe3 Qe7 11. Qd2 Bd7 12. Bf3 O-O 13. Qe2 Rae8 14. Re1
Qg5 15. Qf2 f5 16. Nd2 Ne5 17. Be2 Ng4 18. Qf4 Qxf4 19. exf4 Bxd4+ 20. cxd4 Be6
21. Nc4 Rd8 22. Rad1 Rfe8 23. h3 Nf6 24. b3 Nd5 25. g3 Nc3 26. Rd2 Ne4 27. Rd3
Bxc4 28. bxc4 Nc5 29. Rdd1 Na4 30. Kf1 Nc3 31. Rd2 Re3 32. Bd3 Rxe1+ 33. Kxe1
Rxd4 34. Bxf5 Rxd2 35. Kxd2 Nxa2 36. Be4 b6 37. Bc6 Nb4 38. Bd7 Kf7 39. Kc3 c5
40. Ba4 Ke6 41. g4 Na6 42. Bc2 h6 43. Be4 Nc7 44. Bd3 Kd6 45. Kd2 a6 46. Kc3 b5
47. cxb5 axb5 48. Bc2 Nd5+ 49. Kd2 Nxf4 50. h4 Ke5 51. Kc3 Ng2 52. h5 Ne3 53.
Bd3 b4+ 54. Kb3 c4+ 55. Bxc4 Nxc4 56. Kxc4 Kf4 0-1

[Event "ONJK 2017 C"]
[Site "Borne, Netherlands"]
[Date "2017.08.08"]
[Round "3"]
[White "Tjin a Lien, Jie-Ren"]
[Black "Van Lindt, Raffael"]
[Result "1-0"]
[WhiteElo "1620"]
[BlackElo "1307"]
[PlyCount "85"]
[EventDate "2017.08.??"]

1. e4 e5 2. Nf3 Nc6 3. Bc4 Bc5 4. d3 Nf6 5. c3 d6 6. Bg5 Bg4 7. Nbd2 O-O 8. O-O
Qe7 9. a4 a5 10. Qc2 Rad8 11. Bd5 h6 12. Bh4 Rb8 13. Rfe1 Nd8 14. Bc4 c6 15. d4
Bb6 16. dxe5 dxe5 17. h3 Be6 18. Bxe6 Nxe6 19. Nc4 Bc7 20. Ncxe5 Bxe5 21. Nxe5
Nf4 22. Bxf6 Qxf6 23. Nd7 Qg6 24. f3 Nxh3+ 25. Kf1 Nf4 26. Nxb8 Rxb8 27. Rad1
Qh5 28. Qf2 Re8 29. Qg3 Ng6 30. Qg4 Qe5 31. Qf5 Qe7 32. Rd7 Qf8 33. f4 Ne7 34.
Qc5 Ng6 35. Qxf8+ Nxf8 36. Rxb7 Ne6 37. f5 Nc5 38. Rc7 Nxe4 39. Kg1 Nd6 40.
Rxe8+ Nxe8 41. Rxc6 Nf6 42. Rxf6 gxf6 43. b4 1-0

[Event "ONJK 2017 C"]
[Site "Borne, Netherlands"]
[Date "2017.08.08"]
[Round "3"]
[White "Van Borren, Matthijs"]
[Black "Adema, Marrit"]
[Result "0-1"]
[WhiteElo "1313"]
[BlackElo "1541"]
[PlyCount "46"]
[EventDate "2017.08.??"]

1. e4 c5 2. Nf3 d6 3. d4 cxd4 4. Nxd4 Nf6 5. Nc3 g6 6. Be3 Bg7 7. Be2 O-O 8. h3
Nc6 9. Nb3 Rb8 10. Qd2 Be6 11. Bh6 Ne5 12. Bxg7 Kxg7 13. O-O-O Qc7 14. f4 Nc4
15. Bxc4 Bxc4 16. g4 b5 17. Nd5 Bxd5 18. exd5 Rfc8 19. c3 b4 20. Kc2 bxc3 21.
bxc3 Kg8 22. f5 Ne4 23. Qd4 Nxc3 0-1

[Event "ONJK 2017 C"]
[Site "Borne, Netherlands"]
[Date "2017.08.08"]
[Round "3"]
[White "Woest, Imre"]
[Black "Paays, Dominggus"]
[Result "1/2-1/2"]
[WhiteElo "1385"]
[BlackElo "1624"]
[PlyCount "73"]
[EventDate "2017.08.??"]

1. e4 c5 2. Nf3 Nc6 3. d4 cxd4 4. Nxd4 g6 5. Nc3 Bg7 6. Be3 Nf6 7. f3 O-O 8.
Bc4 Qb6 9. Bb3 Nxe4 10. fxe4 Bxd4 11. Nd5 Qa5+ 12. Bd2 Qd8 13. c3 Bg7 14. h4 d6
15. h5 Be6 16. hxg6 hxg6 17. Qc1 Ne5 18. Bc2 Bxd5 19. exd5 f5 20. Bh6 Nf7 21.
Bxg7 Kxg7 22. Qf4 Rh8 23. O-O-O Qd7 24. Rhg1 Ne5 25. Rdf1 Raf8 26. Qd4 a6 27.
Rf4 Rf6 28. Bd1 g5 29. Rff1 Rh4 30. Qd2 Kg6 31. Bc2 e6 32. dxe6 Qxe6 33. b3 d5
34. g3 Rg4 35. Bd1 Re4 36. Bc2 Rg4 37. Bd1 1/2-1/2

[Event "ONJK 2017 C"]
[Site "Borne, Netherlands"]
[Date "2017.08.08"]
[Round "3.1"]
[White "Roothaan, Elmar"]
[Black "Elgersma, Onno"]
[Result "1-0"]
[WhiteElo "1659"]
[BlackElo "2030"]
[PlyCount "85"]
[EventDate "2017.08.??"]

1. d4 Nf6 2. Nf3 e6 3. Bg5 Be7 4. c4 b6 5. Nc3 d5 6. cxd5 exd5 7. e3 O-O 8. Bd3
Bb7 9. O-O Ne4 10. Bxe7 Qxe7 11. Qb3 Rd8 12. Ne5 Nd2 13. Qc2 Nxf1 14. Bxh7+ Kf8
15. Rxf1 Ba6 16. Re1 c6 17. e4 Qf6 18. exd5 cxd5 19. Re3 Nc6 20. Rf3 Nxd4 21.
Qa4 Ne6 22. Rxf6 gxf6 23. Qxa6 fxe5 24. f3 Nc5 25. Qe2 d4 26. Ne4 Kg7 27. Nxc5
bxc5 28. Bd3 Re8 29. b3 a5 30. Qc2 a4 31. bxa4 Rac8 32. Bc4 Red8 33. Qd3 Rb8
34. Bb5 c4 35. Bxc4 Rbc8 36. a5 Rc5 37. a6 Rdc8 38. Bb3 Rc3 39. Qd2 d3 40. a7
Rc1+ 41. Kf2 R1c2 42. Bxc2 Rxc2 43. Ke1 1-0

[Event "ONJK 2017 C"]
[Site "Borne, Netherlands"]
[Date "2017.08.08"]
[Round "3.2"]
[White "Achuthan, Dylan"]
[Black "Honkoop, Gilian"]
[Result "0-1"]
[WhiteElo "1655"]
[BlackElo "1916"]
[PlyCount "72"]
[EventDate "2017.08.??"]

1. e4 Nc6 2. d4 e5 3. dxe5 Nxe5 4. Nc3 Bb4 5. Qd4 Qe7 6. f4 Ng6 7. Nge2 Nf6 8.
e5 Bxc3+ 9. Nxc3 d6 10. Be3 dxe5 11. fxe5 Qxe5 12. Qxe5+ Nxe5 13. Bf4 Ng6 14.
Bxc7 O-O 15. O-O-O Bf5 16. Bb5 Rfc8 17. Bg3 a6 18. Bd3 Bxd3 19. Rxd3 Nh5 20.
Rhd1 Nxg3 21. Rxg3 Nf4 22. Rf1 Ne6 23. Nd5 Nd4 24. Rf2 Rd8 25. Nf6+ Kh8 26. Nh5
g6 27. Nf6 Kg7 28. Nh5+ Kh8 29. Nf6 Ne6 30. Rh3 Ng5 31. Rg3 Ne6 32. Rh3 Ng5 33.
Rg3 h6 34. Ng4 Ne4 35. Rxf7 Nxg3 36. Nf6 Ne2+ 0-1

[Event "ONJK 2017 C"]
[Site "Borne, Netherlands"]
[Date "2017.08.08"]
[Round "3.3"]
[White "Grutter, Tim"]
[Black "Bungarten, Jona"]
[Result "1-0"]
[WhiteElo "1891"]
[BlackElo "1640"]
[PlyCount "53"]
[EventDate "2017.08.??"]

1. Nf3 e6 2. g3 Nf6 3. Bg2 d5 4. O-O Nc6 5. d3 Bd6 6. Nc3 O-O 7. e4 d4 8. Ne2
e5 9. h3 Ne7 10. Nd2 Be6 11. f4 c5 12. f5 Bd7 13. g4 b5 14. Ng3 h6 15. h4 Nh7
16. Nf3 Nc6 17. g5 hxg5 18. hxg5 Be7 19. g6 fxg6 20. fxg6 Ng5 21. Nxg5 Bxg5 22.
Qh5 Rxf1+ 23. Bxf1 Bf6 24. Qh7+ Kf8 25. Bh6 Rb8 26. Nh5 Ke7 27. Nxg7 1-0

[Event "ONJK 2017 C"]
[Site "Borne, Netherlands"]
[Date "2017.08.08"]
[Round "3.4"]
[White "Salomons, Quinten"]
[Black "Roebers, Eline"]
[Result "1-0"]
[WhiteElo "1633"]
[BlackElo "1852"]
[PlyCount "73"]
[EventDate "2017.08.??"]

1. c4 f5 2. Nc3 Nf6 3. g3 g6 4. Bg2 Bg7 5. Rb1 O-O 6. b4 d6 7. e3 e5 8. d3 Kh8
9. Nge2 Qe8 10. O-O g5 11. c5 dxc5 12. bxc5 c6 13. d4 Nbd7 14. Ba3 e4 15. d5
Ne5 16. d6 Nf3+ 17. Bxf3 exf3 18. Nd4 g4 19. Qd3 Ne4 20. Rfd1 Qh5 21. Nxe4 fxe4
22. Qc4 Rf6 23. h4 gxh3 24. Kh2 Qg4 25. Qb4 h5 26. Bb2 Rg6 27. Nc2 h4 28. Rg1
Qf5 29. Bxg7+ Rxg7 30. Qd4 Kh7 31. Rb4 Rg4 32. Ne1 hxg3+ 33. Rxg3 Rxg3 34. Kxg3
Qg6+ 35. Kh2 a5 36. d7 axb4 37. d8=Q 1-0

[Event "ONJK 2017 C"]
[Site "Borne, Netherlands"]
[Date "2017.08.08"]
[Round "3.5"]
[White "Warnaar, Alisha"]
[Black "Maters, Arthur"]
[Result "1/2-1/2"]
[WhiteElo "1560"]
[BlackElo "1727"]
[PlyCount "50"]
[EventDate "2017.08.??"]

1. e4 c5 2. Nf3 d6 3. d4 cxd4 4. Nxd4 Nf6 5. Nc3 a6 6. Bg5 e6 7. f4 Be7 8. Qf3
Nbd7 9. g4 h5 10. gxh5 Nxh5 11. Bxe7 Qxe7 12. O-O-O Qf6 13. f5 Ne5 14. Qh3 Rh6
15. Qe3 Ng4 16. Qd2 Bd7 17. fxe6 fxe6 18. Be2 Ne5 19. Rhf1 Qe7 20. Nf3 Nf7 21.
Rg1 Rc8 22. Ng5 Rc6 23. Nxf7 Qxf7 24. Rdf1 Nf6 25. Bf3 e5 1/2-1/2

[Event "ONJK 2017 C"]
[Site "Borne, Netherlands"]
[Date "2017.08.08"]
[Round "3.6"]
[White "Mainka, Alwin"]
[Black "Faybish, Benjamin"]
[Result "1/2-1/2"]
[WhiteElo "1723"]
[BlackElo "1628"]
[PlyCount "88"]
[EventDate "2017.08.??"]

1. e4 c5 2. Nf3 Nc6 3. d4 cxd4 4. Nxd4 Nf6 5. Nc3 e5 6. Ndb5 d6 7. f3 Be7 8.
Be2 O-O 9. Be3 a6 10. Na3 b5 11. Nd5 Nxd5 12. exd5 Nb8 13. O-O Nd7 14. c4 b4
15. Nc2 Rb8 16. b3 f5 17. f4 Bf6 18. fxe5 Bxe5 19. Bd4 Bxd4+ 20. Nxd4 Ne5 21.
Kh1 Bd7 22. Qc2 g6 23. Nf3 Ng4 24. Qd2 Re8 25. Rae1 Ne3 26. Rf2 Ng4 27. Rff1
Qb6 28. Qd4 Qxd4 29. Nxd4 Nf6 30. Bf3 Rxe1 31. Rxe1 Re8 32. Rxe8+ Nxe8 33. Kg1
Kf7 34. Kf2 Kf6 35. Ke3 Ke5 36. Kd3 Nf6 37. Ke3 f4+ 38. Kd3 Bf5+ 39. Nxf5 Kxf5
40. Kd4 Nd7 41. h3 h5 42. Be4+ Kf6 43. Bf3 Nc5 44. Be4 a5 1/2-1/2